[Event "Montigny le Bretonneux op 7th"]
[Site "Montigny le Bretonneux"]
[Date "2003.05.03"]
[Round "4.6"]
[White "Aurel, Luc"]
[Black "Filain, Georges"]
[Result "1-0"]
[WhiteElo "2169"]
[BlackElo "1710"]
[PlyCount "79"]
[EventDate "2003.05.??"]
[EventType "swiss"]
[EventRounds "9"]
[EventCountry "FRA"]
[SourceTitle "EXT 2004"]
[Source "ChessBase"]
[SourceDate "2003.11.25"]
[SourceVersion "1"]
[SourceVersionDate "2003.11.25"]
[SourceQuality "1"]

1. e4 d5 2. Nc3 dxe4 3. Nxe4 Bf5 4. Ng3 Bg6 5. d4 Nf6 6. Nf3 h6 7. c3 e6 8. Ne5 Bh7 9. Qf3 c6 10. Bd3 Bxd3 11. Qxd3 Nbd7 12. Qe2 Nxe5 13. dxe5 Nd5 14. 0-0 Qc7 15. c4 Nb6 16. b3 Bc5 17. Bb2 0-0 18. Ne4 Be7 19. Nf6+ Kh8 20. Ne4 Nd7 21. Qh5 f6 22. exf6 Nxf6 23. Qe2 Nxe4 24. Qxe4 Bf6 25. Bxf6 Rxf6 26. Rad1 Raf8 27. Rd2 Qa5 28. Rfd1 Qc5 29. Qe1 e5 30. Re2 Qb6 31. Rdd2 Qb4 32. h3 g5 33. f3 Qc5+ 34. Qf2 Qe7 35. Qxa7 h5 36. Qe3 Rf5 37. Rd1 Qg7 38. Rd6 Kh7 39. Qe4 Kg8 40. Red2 1-0

[Event "Yvelines-ch"]
[Site "Fontenay le Fleury"]
[Date "2003.02.16"]
[Round "7.22"]
[White "Filain, Georges"]
[Black "Lallemand, Daniel"]
[Result "0-1"]
[WhiteElo "1710"]
[BlackElo "1780"]
[PlyCount "66"]
[EventDate "2003.02.17"]
[EventType "swiss"]
[EventRounds "7"]
[EventCountry "FRA"]
[SourceTitle "EXT 2004"]
[Source "ChessBase"]
[SourceDate "2003.11.25"]
[SourceVersion "1"]
[SourceVersionDate "2003.11.25"]
[SourceQuality "1"]

1. c4 Nf6 2. Nc3 g6 3. g3 Bg7 4. Bg2 0-0 5. Nf3 d6 6. d3 e5 7. Bg5 Nbd7 8. Qd2 Re8 9. 0-0 Rb8 10. a4 Nc5 11. Qc2 Ne6 12. Bd2 Nh5 13. b4 c6 14. a5 f5 15. Qc1 f4 16. e3 g5 17. Qd1 g4 18. Nh4 f3 19. Bh1 Nf6 20. h3 h5 21. hxg4 hxg4 22. Nxf3 gxf3 23. Bxf3 Ng5 24. Be2 Bh3 25. Re1 Qd7 26. f4 exf4 27. exf4 Rxe2 28. Rxe2 Nf3+ 29. Kf2 Nd4 30. Re1 Bg4 31. Qb1 Bf3 32. Ra2 Qh3 33. Rf1 Ng4+ 0-1

[Event "Yvelines-ch"]
[Site "Fontenay le Fleury"]
[Date "2003.02.15"]
[Round "6.11"]
[White "Bouvier, Robert"]
[Black "Filain, Georges"]
[Result "1-0"]
[WhiteElo "1870"]
[BlackElo "1710"]
[PlyCount "125"]
[EventDate "2003.02.17"]
[EventType "swiss"]
[EventRounds "7"]
[EventCountry "FRA"]
[SourceTitle "EXT 2004"]
[Source "ChessBase"]
[SourceDate "2003.11.25"]
[SourceVersion "1"]
[SourceVersionDate "2003.11.25"]
[SourceQuality "1"]

1. d4 d5 2. c4 dxc4 3. Nf3 Nf6 4. e3 c5 5. Bxc4 a6 6. 0-0 b5 7. Be2 e6 8. a4 bxa4 9. Nc3 Be7 10. Nxa4 cxd4 11. exd4 Nbd7 12. Bf4 Nh5 13. Be3 0-0 14. Ne5 Nhf6 15. Nc6 Qe8 16. Nxe7+ Qxe7 17. Rc1 Nd5 18. Bd2 Bb7 19. Nc5 Nxc5 20. Rxc5 Rfc8 21. Rxc8+ Rxc8 22. Qa4 Qd6 23. Rc1 Rxc1+ 24. Bxc1 h6 25. Qe8+ Qf8 26. Qa4 Qd6 27. Bd2 Nb6 28. Qc2 Qxd4 29. Be3 Qa4 30. Qxa4 Nxa4 31. Bd4 f6 32. Bc4 Bd5 33. Bxd5 exd5 34. b3 Kf7 35. bxa4 Ke6 36. f3 h5 37. Kf2 g6 38. Ke3 g5 39. g3 f5 40. h4 f4+ 41. Kf2 fxg3+ 42. Kxg3 Kf5 43. hxg5 Kxg5 44. Be3+ Kf5 45. Kh4 d4 46. Bd2 Kg6 47. Kh3 Kf5 48. Kg3 d3 49. Kh4 Kg6 50. Kh3 Kf5 51. Kg3 Kf6 52. Kf4 Kg6 53. Be1 Kf6 54. Ke3 d2 55. Kxd2 Kg5 56. Ke3 h4 57. Bxh4+ Kxh4 58. Ke4 Kg5 59. Ke5 Kg6 60. f4 a5 61. Ke6 Kg7 62. f5 Kf8 63. Kf6 1-0